000 00576cam a22002051 4500
001 af 48003363
003 DLC
005 20260227110901.0
008 900723s1944 be 000 0 dut c
010 _aaf 48003363
035 _a(OCoLC)22132563
040 _aCalifornia. Univ. Libr.
_cCU
_dDLC
042 _apremarc
050 0 0 _aPT6430.H48
_bA65
100 1 _aHerreman, Raymond,
_d1896-
245 1 0 _aAlbum,
_b1944
_c[door] Raymond Herreman en Richard Minne.
260 _aBrussel,
_bA. Manteau
_c[1944]
300 _a189 p.
_c20 cm.
700 1 _aMinne, Richard,
_d1891-1965.
999 _c5540
_d5540